Fundamentals of ecology (Record no. 15628)

000 -LEADER
fixed length control field 00390cam a2200157 4500
020 ## - INTERNATIONAL STANDARD BOOK NUMBER
ISBN 0721669417
040 ## - CATALOGING SOURCE
Transcribing agency DLC
082 00 - DEWEY DECIMAL CLASSIFICATION NUMBER
Classification number 574 SAU 1971 A080 Or.
100 1# - MAIN ENTRY--AUTHOR NAME
Personal name Odum, Eugene P.
245 10 - TITLE STATEMENT
Title Fundamentals of ecology
250 ## - EDITION STATEMENT
Edition statement 3d ed.
260 ## - PUBLICATION, DISTRIBUTION, ETC. (IMPRINT)
Place of publication Philadelphia,
Name of publisher Saunders,
Year of publication 1971.
300 ## - PHYSICAL DESCRIPTION
Number of Pages xiv, 574 p.
Other physical details illus. (part col.), maps.
Dimensions 27 cm.
650 #0 - SUBJECT ADDED ENTRY--TOPICAL TERM
Topical Term Ecology.
942 ## - ADDED ENTRY ELEMENTS (KOHA)
Koha item type សៀវភៅភាសាអង់គ្លេស
952 ## - LOCATION AND ITEM INFORMATION (KOHA)
Withdrawn status [LOCAL, KOHA] 0
Holdings
Permanent Location Date acquired Koha item type Lost status Shelving location Barcode Current Location Full call number
Library Block A2017-12-04សៀវភៅភាសាអង់គ្លេស A080A09258Library Block A574 SAU 1971 A080 Or.
មជ្ឈមណ្ឌលឯការនៃសាកលវិទ្យាល័យភូមិន្ទកសិកម្មចំការដូង

Powered by Koha